Vista normal
Vista MARC
Entrada Personal Name
Número de registros utilizados en: 1
001 - CONTROL NUMBER
- control field: 17588
003 - CONTROL NUMBER IDENTIFIER
- control field: DLC
005 - DATE AND TIME OF LATEST TRANSACTION
- control field: 20251010145746.0
008 - FIXED-LENGTH DATA ELEMENTS
- fixed length control field: 090217n| acannaabn |n aaa
010 ## - LIBRARY OF CONGRESS CONTROL NUMBER
- LC control number: n 2009010076
040 ## - CATALOGING SOURCE
- Original cataloging agency: DLC
- Language of cataloging: spa
- Transcribing agency: Mx-PuUPA
- Modifying agency: Mx-PuUPA
- Description conventions: rda
100 1# - HEADING--PERSONAL NAME
- Personal name: Paciorek, Barbara,
370 ## - ASSOCIATED PLACE
- Place of birth: Cracovia
372 ## - FIELD OF ACTIVITY
- Field of activity: Maestría en arte con especialidad en diseño gráfico (grabado y cartel)
373 ## - ASSOCIATED GROUP
- Associated group: Academia de Bellas Artes
- Associated group: Universidad Iberoamericana
- Associated group: Universidad Autónoma Metropolitana- Xochimilco
374 ## - OCCUPATION
- Occupation: Autora
- Occupation: Profesora de diseño
- Occupation: Maesta en arte con especialidad en diseño gráfico (grabado y cartel)
375 ## - GENDER
- Gender: mujer
377 ## - ASSOCIATED LANGUAGE
- Language code: pol
670 ## - SOURCE DATA FOUND
- Source citation: Cartel contemporáneo polaco, 1945-2006, 2006:
- Information found: t.p. (Barbara Paciorek) p. 167 (b. Cracow)